Statystyki dla Anglojęzyczne państwa.

Kliknij tutaj aby rozwiązać quiz!

Ogólne statystyki

  • Ten quiz został rozwiązany 24 razy
  • Średni wynik to 18 z 41

Statystyki odpowiedzi

KontynentPaństwo% Poprawnych
OceaniaAustralia
91%
EuropaWielka Brytania
91%
AmPółKanada
86%
AmPółStany Zjednoczone
86%
OceaniaNowa Zelandia
82%
EuropaIrlandia
77%
AfrykaRepublika Południowej Afryki
73%
AzjaIndie
50%
AfrykaNigeria
50%
OceaniaFidżi
45%
AmPółJamajka
45%
OceaniaKiribati
45%
EuropaMalta
45%
AfrykaEswatini
41%
AzjaFilipiny
41%
AfrykaGhana
41%
AfrykaLesotho
41%
OceaniaPapua-Nowa Gwinea
41%
AfrykaSeszele
41%
AzjaSingapur
41%
AfrykaTanzania
41%
AfrykaZambia
41%
AfrykaLiberia
36%
AzjaMalezja
36%
AzjaSri Lanka
36%
AmPółTrynidad I Tobago
36%
AzjaBangladesz
32%
AmPółBarbados
32%
AmPółBelize
32%
AfrykaGambia
32%
AfrykaKamerun
32%
AfrykaKenia
32%
AfrykaMauritius
32%
AfrykaNamibia
32%
AmPółGrenada
27%
AfrykaMalawi
27%
AfrykaSierra Leone
27%
AfrykaZimbabwe
27%
AmPołGujana
23%
AzjaPakistan
23%
AfrykaBostwana
5%

Rozkład punktacji

Percentyl według liczby udzielonych odpowiedzi

Procent ludzi z każdym wynikiem

Twoja historia wyników

Nie rozwiązałeś tego quizu